000 00420nam a2200157 i 4500
001 46168
003 ES-MaACL
005 20230906161335.0
007 t|
008 030328s1968 sp ||||1| spa d
100 1 _aComas, Antoni.
_939930
245 1 0 _aEnsayos sobre literatura catalana /
_cAntoni Comas.
260 _aBarcelona :
_bTaber,
_c1968.
300 _a419 p. ;
_c20 cm.
852 _aES-MaACL
_jC-35285
_bR.67922
999 _c46168
_d46168